Missing Word: Timely Movies Quiz Stats

 Plays Quiz Updated Mar 27, 2017

Support Sporcle.
Go Orange.
Score 0/20 Timer 02:00
2 Plays Today
Hint Answer % Correct
The ___ the Earth Stood StillDay
99.4%
Employee of the _____Month
96.5%
Born on the Fourth of ____July
95.1%
________ Night FeverSaturday
93.5%
______ Night LightsFriday
91.5%
The Hunt for Red _______October
91%
The Seven ____ ItchYear
89.4%
Ash _________Wednesday
88.5%
I Know What You Did Last ______Summer
88.2%
The Ides of _____March
85.6%
Hint Answer % Correct
Any Given ______Sunday
81.7%
What Dreams ___ ComeMay
75.8%
Legends of the ____Fall
73.3%
First ______ in OctoberMonday
65.1%
The Lion in ______Winter
62.1%
If It's _______, This Must Be BelgiumTuesday
58.9%
______ RushAugust
48.4%
_____ in ParisApril
47.1%
It Happens Every ________Thursday
46.5%
________ BoysDecember
37.9%

Today's Daily Dose

You're not logged in!

Compare scores with friends on all Sporcle quizzes.
OR
Log In
Forgot?

From the Vault

Video Game Systems by Release Year

by amazingjosh

When a new video game system is about to be released, you never know what could happen.
Remove Ads.
Support Sporcle.
Get the best of Sporcle when you Go Orange. This ad-free experience offers more features, more stats, and more fun while also helping to support Sporcle. Thank you for becoming a member.

Show Comments

Extras

Top Quizzes Today


Score Distribution

Your Account Isn't Verified!

In order to create a playlist on Sporcle, you need to verify the email address you used during registration. Go to your Sporcle Settings to finish the process.

Report this User

Report this user for behavior that violates our Community Guidelines.

Details: